| 000 | 00541 a2200157 4500 | ||
|---|---|---|---|
| 020 | _a0139586202 | ||
| 020 | _a9780139586200 | ||
| 082 | 0 | 4 | _a515.353 |
| 090 |
_c535 _d535 |
||
| 100 | 1 | _aAsmar, Nakhle H. | |
| 245 | 1 | 0 |
_aPartial differential equations and boundary value problems / _cNakhle H. Asmar. |
| 260 |
_a[S.l.] : _bPrentice Hall, _c1999. |
||
| 300 |
_a598 p. ; _c25 cm. |
||
| 942 |
_aSNS _cBK _k515.353 ASM |
||
| 999 |
_c29165 _d29165 |
||